000 00715nam a2200229 a 4500
001 000043366
005 20201002040842.0
008 140311s1977 sp 000 0 spa d
020 _a843390051X
040 _aDO-SdBNP
_bspa
_cBNPHU
041 1 7 _aspa
_heng
082 _axxx
_bxxx
100 1 _aSubirats, Eduardo
_950736
240 1 0 _aBriefwechsel Georg Groddeck-Sigmund Freud.
_lEspañol
245 1 0 _aCorrespondencia /
_cSigmund Freud, Georg Groddeck ; traducción Eduardo Subirats.
260 _aBarcelona :
_bAnagrama,
_c1977.
300 _a124 p. ;
_c20 cm.
490 1 _aArgumentos
_v51
700 1 _aGroddeck, Georg
_971027
700 1 _aSubirats, Eduardo
_etr.
_950736
830 0 _aArgumentos ;
_n51
_971028
999 _c42855
_d42855